000 00579nam a2200193Ia 4500
003 GCL
008 140319s9999 xx 000 0 ara d
040 _aGCL /
_cGCL
082 0 4 _aد
_b050
100 1 _aاحمد فؤاد الاهوانى
245 1 0 _aالمعقول واللامعقول ( اقرا 328 ) /
_cاحمد فؤاد الاهوانى
300 _a149 ص
490 _aوثائق ونصوص
_v0
650 0 4 _aالفلسفة
650 0 4 _aالتراث العربى
650 0 4 _aالثقافة
650 0 4 _aالثقافة الجماهيرية
942 _2ddc
_cCF
999 _c27272
_d27272